The short stories of Conrad Aiken.

Bibliographic Details
Main Author: Aiken, Conrad, 1889-1973
Format: Book
Language:English
Published: New York : Duell, Sloan and Pearce, [1950]

MARC

Tag First Indicator Second Indicator Subfields
LEADER 00000cam a2200000 4500
001 in00000007992
005 20161024151837.0
008 711210s1950 nyu 00010 eng
010 |a  50009750  
035 |a (OCoLC)00181324 
035 |9 AAA0337AM 
040 |a DLC  |c MAL  |d OCL  |d KSU  |d m.c.  |d TXA  |d UtOrBLW 
050 0 0 |a PZ3.A2912  |b Sh 
050 4 |a PS3501.I5  |b A15 1950 
090 |a PS3501.I5  |b S56 1950 
100 1 |a Aiken, Conrad,  |d 1889-1973. 
245 1 4 |a The short stories of Conrad Aiken. 
264 1 |a New York :  |b Duell, Sloan and Pearce,  |c [1950] 
264 4 |c ©1950 
300 |a vi, 416 pages ;  |c 22 cm. 
336 |a text  |b txt  |2 rdacontent 
337 |a unmediated  |b n  |2 rdamedia 
338 |a volume  |b nc  |2 rdacarrier 
999 |a MARS 
999 f f |s bb28ef20-fc0f-311c-971e-cd170b13638f  |i c860778d-0f53-375a-92a5-879fc06c34b0  |t 0 
952 f f |p ric  |a Texas A&M University  |b Rellis Campus  |c Joint Library Facility  |d Remote Storage  |t 0  |e PS3501.I5 S56 1950  |h Library of Congress classification  |i unmediated -- volume  |m A14812603633 
998 f f |a PS3501.I5 S56 1950  |t 0  |l Remote Storage